Textbook of human anatomy with color atlas and clinical integration, 2V (Record no. 393667)

MARC details
000 -LEADER
fixed length control field 00489 a2200169 4500
005 - DATE & TIME
control field 20251215160800.0
008 - FIXED-LENGTH DATA ELEMENTS--GENERAL INFORMATION
fixed length control field 251215b |||||||| |||| 00| 0 eng d
020 ## - ISBN
International Standard Book Number 9789354666667
Price Rs. 1095.00(SP)
040 ## - CATALOGING SOURCE
Original cataloging agency VIVEKANANDA LIBRARY
082 ## - DDC NUMBER
Classification number 612
Book Number S21T
100 ## - MAIN ENTRY--PERSONAL NAME
Personal name Sontakke, Yogesh
245 ## - TITLE STATEMENT
Title Textbook of human anatomy with color atlas and clinical integration, 2V
260 ## - PUBLICATION, DISTRIBUTION, ETC. (IMPRINT)
Name of publisher, distributor, etc CBS Publishers and Distributors
Date of publication, distribution, etc 2024
Place of publication, distribution, etc New Delhi
300 ## - PHYSICAL DESCRIPTION
Pages 206
650 ## - Subject
Subject Human Anatomy
942 ## - ADDED ENTRY ELEMENTS (KOHA)
Koha item type Books
Holdings
Withdrawn status Lost status Source of classification or shelving scheme Damaged status Not for loan Location (home branch) Sublocation or collection (holding branch) Shelving location Date acquired Koha issues (times borrowed) Koha full call number Accession No. Koha date last seen Copy number Koha item type
    Dewey Decimal Classification     VIVEKANANDA LIBRARY VIVEKANANDA LIBRARY Vivekananda Library 04/12/2025   612 S21T 443533 04/12/2025 V1 Books
    Dewey Decimal Classification     VIVEKANANDA LIBRARY VIVEKANANDA LIBRARY Vivekananda Library 04/12/2025   612 S21T 443535 04/12/2025 V1 Books
    Dewey Decimal Classification     VIVEKANANDA LIBRARY VIVEKANANDA LIBRARY Vivekananda Library 15/12/2025   612 S21T 443534 15/12/2025 V2 Books
    Dewey Decimal Classification     VIVEKANANDA LIBRARY VIVEKANANDA LIBRARY Vivekananda Library 15/12/2025   612 S21T 443536 15/12/2025 V2 Books
© Designed and Maintained by Vivekananda Library, MDU Rohtak